00725nam a22002297a 450000500170000001000130001702000230003003500130005303700160006604000120008208200170009424501300011125000120024126000590025327000480031230000270036065000180038765000210040570000250042670000240045170000200047520170124110256.0 aB-010546 c150.00a8186651101 aB-010546 bCen Lib/Ret aDPLbEN a320.954bDHI aDGP question bank indian polity /cedited by Rajinder S. Dhillon, Niranjan S. Bhatia [and] Farooq A. Khan ba DGP remembers / a3rd ed. aNew Delhi ;bDhillon Group of Publications,c2000-2001 aE-12, Kalkaji, New DelhibNew Delhie110019 aviii, 332p. c20cm(Hb) aPolice--India aPolice-Relations aDhillon, Rajinder S. aBhatia, Niranjan S. aKhan, Farooq A.